Illumination = Iluminacja /
Guardado en:
| 主要作者: | |
|---|---|
| 其他作者: | , , , , , , , |
| 格式: | |
| 語言: | 波兰语 |
| 出版: |
Polonia :
Studio Filmowe Tor,
1973, c1973
|
| 叢編: | (Studio Blu ;
18) |
| 主題: | |
| 標簽: |
沒有標簽, 成為第一個標記此記錄!
|
MARC
| LEADER | 00000ngm^a2200000^a^4500 | ||
|---|---|---|---|
| 001 | 000630090 | ||
| 005 | 20260410000000.0 | ||
| 009 | 20260410195516.917 | ||
| 037 | |a Acervo ITESO - Biblioteca | ||
| 041 | |a POL | ||
| 082 | |a 891. 85 |b ZAN | ||
| 100 | |a Zanussi, Krzysztof |e (realización) | ||
| 245 | 1 | 0 | |a Illumination = |b Iluminacja / |c Realización de K. Zanussi. |
| 246 | 2 | |a Título en México: no conocido/no identificado | |
| 246 | 2 | |a Título alternativo en español (Argentina): Iluminación | |
| 264 | 4 | |a Polonia : |b Studio Filmowe Tor, |c 1973, c1973 | |
| 264 | 2 | |a Polonia : |b Studio Blu [distribución], |c copyright fecha no identificada | |
| 300 | |a 1 blu-ray sin dato de región (92 min.) : |b color | ||
| 336 | |a imagen móvil bidimensional |b tdi |2 rdacontenido | ||
| 337 | |a video |b v |2 rdamedio | ||
| 338 | |a videodisco |b vd |2 rdasoporte | ||
| 440 | 1 | |a (Studio Blu ; |v 18) | |
| 546 | |a En portugués, con subtítulos opcionales: inglés | ||
| 649 | |a XX | ||
| 650 | |a Estudiantes en el Cine | ||
| 650 | |a Dramas Cinematográficos | ||
| 650 | |a Cine Experimental - |z Polonia | ||
| 650 | |a Cine Polaco - |y 1970-1979 | ||
| 650 | |a Cine Polaco - |y Siglo XX | ||
| 650 | |a Pensamiento | ||
| 650 | |a Existencia - |x Filosofía | ||
| 650 | |a Espiritualidad | ||
| 650 | |a Filosofía | ||
| 650 | |a Educación Superior - |z Polonia | ||
| 650 | |a Política - |z Polonia - |x Historia - |y República Popular, 1945-1989 | ||
| 650 | |a Política - |z Polonia - |x Historia - |y Siglo XX | ||
| 700 | |a Zanussi, Krzysztof |e (guión) | ||
| 700 | |a Kłosiński, Edward |e (fotógrafo) | ||
| 700 | |a Sheppard, Anna B. |e (vestuario) | ||
| 700 | |a Sliwinska, Urszula |e (montaje) | ||
| 700 | |a Kilar, Wojciech |e (música) | ||
| 700 | |a Latallo, Stanislaw |e (actuación) | ||
| 700 | |a Pritulak, Malgorzata |e (actuación) | ||
| 700 | |a Zebrowski, Edward |e (actuación) | ||
| 910 | |a Fondo General | ||
| 920 | |a Audiovisuales - Blu-rays | ||
| 940 | |a Películas | ||
| 905 | |a 303 | ||
| 901 | |a 630381-10 |b IT2 |c BRS |i C193272 |u 20260410 | ||
| 902 | |a https://opac.biblio.iteso.mx/vufind/Record/000630090 | ||